Diario íntimo I: 1915-1923
Uloženo v:
| Hlavní autor: | |
|---|---|
| Médium: | Kniha |
| Jazyk: | španělština |
| Vydáno: |
Madrid
Mondadori España S. A
1992
|
| Vydání: | 1a. ed |
| Edice: | El Espejo de Tinta
|
| Témata: | |
| Tagy: |
Přidat tag
Žádné tagy, Buďte první, kdo vytvoří štítek k tomuto záznamu!
|
MARC
| LEADER | 00000cam a2200000 a 4500 | ||
|---|---|---|---|
| 001 | UCE7340 | ||
| 003 | CL-VaPUC | ||
| 008 | 150605e19920000sp |||||||||||||||||spa|d | ||
| 020 | |a 8439718748 | ||
| 082 | 0 | 4 | |a 808.883 |b WOO |2 21 |
| 100 | |a Woolf, Virginia, |d 1882-1941 |e autora |9 265377 | ||
| 245 | 1 | 0 | |a Diario íntimo I: 1915-1923 |
| 250 | |a 1a. ed | ||
| 300 | |a v | ||
| 942 | |c BK | ||
| 945 | |d 20150605 14:50:00 |a dcastane | ||
| 260 | |a Madrid |b Mondadori España S. A |c 1992 | ||
| 650 | 7 | |a DIARIOS INTIMOS |2 CL-VaPUC |9 265378 | |
| 650 | 0 | |a Biografías |9 255210 | |
| 650 | 0 | |a Literatura inglesa |9 312907 | |
| 650 | 0 | |a Vida intelectual |9 265379 | |
| 583 | |a last modification |c 20150605 14:50:00 |k Rodrigo Vera | ||
| 490 | 0 | |a El Espejo de Tinta | |
| 999 | |c 359441 |d 359439 | ||
| 952 | |0 0 |1 0 |3 erb |4 0 |6 808_883000000000000_WOO_1992 |7 0 |8 A |9 468632 |a BIBEDU |b BIBEDU |e Villagrán Garnham, Jorge |h v.1 |i 5177227 |o 808.883 WOO 1992 |p 5177227 |r 2019-11-23 |w 2019-11-23 |y BK |z Catalogado en:20150605 |k LIT | ||